00254nam a22000737a 4500008004100000040005500041245002000096260006400116230421b |||||||| |||| 00| 0 eng d aNational Science LibrarycNational Science Library aLoss prevention aMumbai: bLoss Prevention Association of India Ltd., c1998